| 000 | 00443 a2200157 4500 | ||
|---|---|---|---|
| 999 |
_c8776 _d8776 |
||
| 020 | _a0130384887 | ||
| 050 | _aTK5105.5 TAN 2003 | ||
| 100 | _aTanenbaum, Andrew S., | ||
| 245 |
_aComputer networks/ _cAndrew S Tanenbaum |
||
| 250 | _a4th ed. | ||
| 264 |
_aUpper Saddle River, NJ : _bPrentice Hall , _c2003. |
||
| 300 | _axvii, 460p. | ||
| 500 | _aincludes index | ||
| 650 | _aComputer networks. | ||
| 942 |
_2lcc _cBK _e4th. _h5105.5 _iTAN _k2003 |
||